| 000 | 00859nam a22002297a 4500 | ||
|---|---|---|---|
| 999 |
_c7831 _d7831 |
||
| 003 | AR-CdUCM | ||
| 008 | 190321b ||||| |||| 00| 0 spa d | ||
| 040 |
_aMUNICIPALIDAD PROVINCIAL DEL CUSCO _cBIBLIOTECA MUNICIPAL DEL CUSCO |
||
| 041 | _hrus | ||
| 082 |
_a621.38 / _bK73 |
||
| 100 |
_aKólosov, S. P. _922144 |
||
| 245 | _aElementos de automática / | ||
| 260 |
_aMoscú : _bMir-Moscú, _c1972. |
||
| 300 |
_a398 páginas ; _bIlustraciones, _c22 cm. |
||
| 505 | _aCaracterísticas generales de los elementos -- Elementos mas difundidos de los dispositivos automáticos -- Algunos tipos especiales de los elementos -- Problemas del diseño de los elementos ... | ||
| 650 |
_aIngeniería mecánica _921446 |
||
| 650 |
_aElementos _98475 |
||
| 700 |
_aKalmikov, I. V. _922145 |
||
| 700 |
_aNefíodova, V. I. _922146 |
||
| 942 |
_2ddc _cLIBROS |
||
| 945 | _aacv | ||